000
00283nam a22001097a 4500
008
140417t xxu||||| |||| 00| 0 eng d
020
_a
978-0306466762
100
_a
M. Rami Reddy
_9
824
245
_a
Free Energy Calculations in Rational Drug Design
300
_a
394
942
_2
ddc
_c
BK
999
_c
17071
_d
17071